Physiology of plants and their cells / (Record no. 152963)

MARC details
000 -LEADER
fixed length control field 00804nam a2200253 a 4500
008 - FIXED-LENGTH DATA ELEMENTS--GENERAL INFORMATION
fixed length control field
020 ## - INTERNATIONAL STANDARD BOOK NUMBER
International Standard Book Number 0080170366 (cased)
049 00 - LOCAL HOLDINGS (OCLC)
Holding library MAIN
090 ## - LOCALLY ASSIGNED LC-TYPE CALL NUMBER (OCLC); LOCAL CALL NUMBER (RLIN)
Classification number (OCLC) (R) ; Classification number, CALL (RLIN) (NR) QK711.2
003 - CONTROL NUMBER IDENTIFIER
control field
005 - DATE AND TIME OF LATEST TRANSACTION
control field 20230123133705.0
040 ## - CATALOGING SOURCE
Transcribing agency NUST
100 10 - MAIN ENTRY--PERSONAL NAME
Personal name Goss, James A.
245 10 - TITLE STATEMENT
Title Physiology of plants and their cells /
Statement of responsibility, etc. James A. Goss.
260 0# - PUBLICATION, DISTRIBUTION, ETC.
Place of publication, distribution, etc. New York :
Name of publisher, distributor, etc. Pergamon Press,
Date of publication, distribution, etc. c1973.
300 ## - PHYSICAL DESCRIPTION
Extent xvi, 457 p. :
Other physical details ill. ;
Dimensions 24 cm.
440 0# - SERIES STATEMENT/ADDED ENTRY--TITLE
Title Pergamon biological sciences series.
500 ## - GENERAL NOTE
General note Includes index.
500 ## - GENERAL NOTE
General note "Contribution no. 1047, Division of Biology and Kansas Agricultural Experiment Station."
650 #0 - SUBJECT ADDED ENTRY--TOPICAL TERM
Topical term or geographic name entry element Plant physiology.
650 #0 - SUBJECT ADDED ENTRY--TOPICAL TERM
Topical term or geographic name entry element Plant cells and tissues.
907 ## - LOCAL DATA ELEMENT G, LDG (RLIN)
a .b10119693
b 14-11-07
c 28-04-04
942 ## - ADDED ENTRY ELEMENTS (KOHA)
Koha item type Ordinary Loan Books
Call number prefix QK711.2
Holdings
Date last seen Total Checkouts Full call number Barcode Cost, replacement price Price effective from Koha item type Lost status Source of classification or shelving scheme Damaged status Not for loan Collection Withdrawn status Home library Current library Shelving location Date acquired Cost, normal purchase price
01/23/2023 40 QK711.2 GOS 92003005558 80.00 01/23/2023 BOOKS   LCC     NFIC   MAIN MAIN GEN 01/23/2023 80.00